[Event "Stay Safe Play From Home 194"]
[Site "T#646519Emanuel Laske"]
[Date "2020.06.02"]
[Round "1"]
[White "Broken sword"]
[Black "Don59as"]
[Result "1-0"]
[WhiteElo "2512"]
[BlackElo "2109"]
[Annotator "NA RC"]
[PlyCount "129"]
[EventDate "2020.06.02"]
[EventType "swiss (blitz)"]

1. e4 {[%emt 0:00:01]} e5 {[%emt 0:00:01]} 2. Nf3 {[%emt 0:00:01]} Nc6 {[%emt 0:00:01]} 3. Bb5 {[%emt 0:00:00]} f5 {[%emt 0:00:01]} 4. Nc3 {[%emt 0:00:01]} Nf6 {[%emt 0:00:01]} 5. Qe2 {[%emt 0:00:01]} Qe7 {[%emt 0:00:01]} 6. O-O {[%emt 0:00:01]} Nd4 {[%emt 0:00:01]} 7. Nxd4 {[%emt 0:00:03]} exd4 {[%emt 0:00:00]} 8. Nd5 {[%emt 0:00:02]} Nxd5 {[%emt 0:00:01]} 9. exd5 {[%emt 0:00:00]} Qxe2 {[%emt 0:00:01]} 10. Bxe2 {[%emt 0:00:00]} Bd6 {[%emt 0:00:01]} 11. Bf3 {[%emt 0:00:01]} O-O {[%emt 0:00:01]} 12. Re1 {[%emt 0:00:00]} c6 {[%emt 0:00:01]} 13. d3 {[%emt 0:00:02]} b6 {[%emt 0:00:03]} 14. Bg5 {[%emt 0:00:01]} Bb7 {[%emt 0:00:01]} 15. Be7 {[%emt 0:00:02]} Bxe7 {[%emt 0:00:03]} 16. Rxe7 {[%emt 0:00:00]} Rf7 {[%emt 0:00:00]} 17. Rxf7 {[%emt 0:00:05]} Kxf7 {[%emt 0:00:01]} 18. dxc6 {[%emt 0:00:00]} dxc6 {[%emt 0:00:01]} 19. Re1 {[%emt 0:00:01]} Re8 {[%emt 0:00:01]} 20. Rxe8 {[%emt 0:00:01]} Kxe8 {[%emt 0:00:01]} 21. Kf1 {[%emt 0:00:00]} Kd7 {[%emt 0:00:01]} 22. Ke1 {[%emt 0:00:00]} Kc7 {[%emt 0:00:01]} 23. g3 {[%emt 0:00:01]} c5 {[%emt 0:00:01]} 24. Bd1 {[%emt 0:00:01]} Kd6 {[%emt 0:00:01]} 25. Kd2 {[%emt 0:00:00]} g5 {[%emt 0:00:01]} 26. c3 {[%emt 0:00:00]} Ke5 {[%emt 0:00:01]} 27. a3 {[%emt 0:00:01]} f4 {[%emt 0:00:01]} 28. Bg4 {[%emt 0:00:02]} h6 {[%emt 0:00:02]} 29. Ke2 {[%emt 0:00:01]} Ba6 {[%emt 0:00:01]} 30. Kd2 {[%emt 0:00:01]} Bb7 {[%emt 0:00:01]} 31. Ke2 {[%emt 0:00:01]} Bd5 {[%emt 0:00:01]} 32. Bh5 {[%emt 0:00:01]} Be6 {[%emt 0:00:01]} 33. Be8 {[%emt 0:00:01]} Bf5 {[%emt 0:00:01]} 34. Kd2 {[%emt 0:00:01]} g4 {[%emt 0:00:01]} 35. Bc6 {[%emt 0:00:02]} fxg3 {[%emt 0:00:01]} 36. fxg3 {[%emt 0:00:01]} Be6 {[%emt 0:00:01]} 37. Be4 {[%emt 0:00:01]} Bd5 {[%emt 0:00:01]} 38. Bg6 {[%emt 0:00:00]} Bf3 {[%emt 0:00:01]} 39. Ke1 {[%emt 0:00:01]} dxc3 {[%emt 0:00:02]} 40. bxc3 {[%emt 0:00:01]} b5 {[%emt 0:00:01]} 41. Kd2 {[%emt 0:00:00]} a5 {[%emt 0:00:01]} 42. Be8 {[%emt 0:00:00]} b4 {[%emt 0:00:01]} 43. axb4 {[%emt 0:00:01]} axb4 {[%emt 0:00:01]} 44. Kc2 {[%emt 0:00:00]} bxc3 {[%emt 0:00:01]} 45. Kxc3 {[%emt 0:00:00]} Bd5 {[%emt 0:00:02]} 46. Bg6 {[%emt 0:00:01]} Be6 {[%emt 0:00:01]} 47. Be8 {[%emt 0:00:01]} Kd6 {[%emt 0:00:01]} 48. Bg6 {[%emt 0:00:01]} Ke5 {[%emt 0:00:00]} 49. Bh5 {[%emt 0:00:01]} Kd6 {[%emt 0:00:00]} 50. d4 {[%emt 0:00:01]} cxd4+ {[%emt 0:00:01]} 51. Kxd4 {[%emt 0:00:00]} Bd7 {[%emt 0:00:01]} 52. Ke4 {[%emt 0:00:00]} Bc6+ {[%emt 0:00:01]} 53. Kf4 {[%emt 0:00:01]} Ke7 {[%emt 0:00:02]} 54. Bxg4 {[%emt 0:00:02]} Kf6 {[%emt 0:00:00]} 55. Bf3 {[%emt 0:00:01]} Be8 {[%emt 0:00:01]} 56. Be4 {[%emt 0:00:00]} Bf7 {[%emt 0:00:01]} 57. Kg4 {[%emt 0:00:00]} Be6+ {[%emt 0:00:01]} 58. Kh4 {[%emt 0:00:00]} Kg7 {[%emt 0:00:00]} 59. Bf3 {[%emt 0:00:00]} Bf7 {[%emt 0:00:00]} 60. Bh5 {[%emt 0:00:00]} Bg8 {[%emt 0:00:00]} 61. Be8 {[%emt 0:00:02]} Bh7 {[%emt 0:00:00]} 62. Bd7 {[%emt 0:00:01]} Bg8 {[%emt 0:00:00]} 63. Bf5 {[%emt 0:00:01]} Bf7 {[%emt 0:00:01]} 64. g4 {[%emt 0:00:01]} Bg8 {[%emt 0:00:00]} 65. Kg3 {[%emt 0:00:00] Time (Lag: Av=0.46s, max=1.0s)} 1-0

[Event "Stay Safe Play From Home 194"]
[Site "T#646519Emanuel Laske"]
[Date "2020.06.02"]
[Round "1"]
[White "XShot"]
[Black "Buzaglo"]
[Result "1-0"]
[WhiteElo "2505"]
[BlackElo "1883"]
[Annotator "TA"]
[PlyCount "33"]
[EventDate "2020.06.02"]
[EventType "swiss (blitz)"]

{[%evp 9,32,0,0,0,0,-4,20,7,16,8,18,-20,19,11,95,92,93,92,334,223,482,477,577,575,29999]} 1. d4 d6 2. Nf3 Nf6 3. Nc3 e6 4. Bg5 {[#]} c6 $146 ({Predecessor:} 4... h6 5. Bd2 d5 6. e3 c5 7. dxc5 Bxc5 8. Na4 Bd6 9. c4 O-O 10. Nc3 Nc6 11. a3 a6 {0-1 (29) Heinzel,O (2328)-Bernasek,J (2490) Litomysl 2010}) 5. Bxf6 Qxf6 6. e4 {A46: 1 d4 Nf6 2 Nf3 e6: Torre, London and Colle Systems.} Qd8 7. Bd3 Be7 8. O-O {The position is equal.} O-O 9. Qe2 Nd7 {[%cal Bb8d7,Bd7f6,Bf6d5,Bd5c3][%mdl 32]} 10. Rad1 Nf6 11. Rfe1 $36 {[%mdl 2048] White fights for an advantage.} e5 (11... Nd7 $11) 12. dxe5 $16 dxe5 13. Nxe5 Bd6 $2 (13... Be6 $16) 14. Nf3 Bf4 $2 (14... Bc5 15. Na4 Qa5) 15. e5 $18 Nd5 16. Qe4 {[%csl Gd3][%cal Re4h7] [#]} Nxc3 17. Qxh7# {White took control after the opening. Accuracy: White = 73%, Black = 21%.} 1-0

[Event "Stay Safe Play From Home 194"]
[Site "T#646519Emanuel Laske"]
[Date "2020.06.02"]
[Round "1"]
[White "Rogan"]
[Black "NeatFox"]
[Result "1-0"]
[WhiteElo "2232"]
[BlackElo "1826"]
[Annotator "TA"]
[PlyCount "77"]
[EventDate "2020.06.02"]
[EventType "swiss (blitz)"]

{[%evp 9,77,4,25,28,22,5,41,39,44,0,8,4,100,97,123,138,179,117,117,106,183,168,233,173,173,165,283,202,197,125,137,122,235,244,243,131,163,146,146,144,1183,1182,1183,1177,1133,1100,1151,1111,29993,29971,29971,29972,5569,907,906,896,2103,2082,1889,1885,1885,1882,4910,1777,2054,2104,2396,2346,2262,1905]} 1. d4 c6 2. c3 d5 3. Bg5 Nf6 4. e3 h6 5. Bh4 {[#]} g5 $146 ({Predecessor:} 5... Bf5 6. Nd2 e6 7. Be2 Be7 8. Ngf3 Nbd7 9. h3 O-O 10. O-O Qc7 11. Bg3 Bd6 12. Bxd6 Qxd6 {1-0 (29) Diaz,L (1474)-Rosales Nazate,C (1501) Cartagena 2019}) 6. Bg3 {D00: 1 d4 d5: Unusual lines.} Bg7 7. Nd2 O-O 8. Bd3 {White is slightly better.} Nbd7 9. f4 gxf4 10. Bxf4 e5 (10... Qb6 $11 {remains equal.}) 11. dxe5 $16 Nh7 12. Ngf3 $36 {[%mdl 2048] White is really pushing.} Re8 {[%cal Rd7e5] [#]} 13. Qc2 ({Better is} 13. O-O $1 $18) 13... Ng5 {[%cal Rg7e5]} 14. O-O Nxf3+ (14... Nxe5 $16 15. Nxe5 Bxe5) 15. Nxf3 $18 ({And not} 15. gxf3 Bxe5 16. Kh1 Kh8 $11) 15... b6 (15... Nc5 $142 16. Bh7+ Kh8) 16. Bh7+ Kh8 17. Bf5 Nc5 (17... Ba6 $142) 18. Bxc8 Qxc8 19. Nh4 (19. Nd4 $18) 19... Ne4 20. c4 Bxe5 (20... f6 $16) 21. Bxe5+ {[%mdl 64] [#] Discovered Attack} Rxe5 22. cxd5 ({Only move:} 22. Rxf7 $18 {Threatens to win with Ng6+.} Qg4 23. Rf4) 22... cxd5 $16 23. Qxc8+ Rxc8 24. Rxf7 {Hoping for Ng6+.} Rc2 $2 {[%mdl 8192] Black cannot hold the game after this.} (24... Rg5 $16 25. Rxa7 Rc2) 25. Ng6+ $18 {[%mdl 64] Double Attack} Kg8 26. Nxe5 Nd2 27. Rd7 Rxb2 28. Rd1 Rxa2 29. Rxd5 Ne4 30. Rd8+ Kg7 31. R1d7+ {White is clearly winning.} Kf6 32. Ng4+ Kg5 33. Rg8+ Kf5 34. Rd5+ Ke6 35. Re5+ {[%mdl 64] Double Attack} Kd6 36. Rxe4 Ra1+ 37. Kf2 Ra2+ 38. Kf3 Ra3 39. Rd4+ {Accuracy: White = 49%, Black = 27%.} 1-0

[Event "Stay Safe Play From Home 194"]
[Site "T#646519Emanuel Laske"]
[Date "2020.06.02"]
[Round "1"]
[White "Bellbox"]
[Black "Edmatuag"]
[Result "1-0"]
[WhiteElo "2138"]
[BlackElo "1624"]
[Annotator "TA"]
[PlyCount "69"]
[EventDate "2020.06.02"]
[EventType "swiss (blitz)"]

{[%evp 12,69,65,69,69,77,73,75,76,49,93,68,82,67,83,40,132,137,151,122,245,73,74,-54,-67,-42,35,20,163,166,229,182,258,114,71,60,86,96,154,145,220,97,237,263,372,133,349,340,427,312,431,287,363,150,224,93,217,225,208,193]} 1. e4 c5 2. c3 d6 3. d4 cxd4 4. cxd4 e6 5. Nc3 Nc6 6. Nf3 Nf6 7. Bd3 a6 {B22: Sicilian: 2 c3.} 8. O-O Be7 9. Re1 O-O {White is better.} 10. a3 Qc7 11. e5 dxe5 12. dxe5 Nd5 13. Ne4 f5 (13... Nxe5 $2 14. Nxe5 Qxe5 15. Ng5 $18) (13... Rd8 $14) 14. exf6 $1 $16 Nxf6 {[#]} 15. Neg5 $146 ({Predecessor:} 15. Qc2 h6 16. Bc4 Nd5 17. Ng3 Bf6 18. Qe4 Qf7 19. Re2 Rd8 20. h4 Nce7 21. Ne5 Bxe5 22. Qxe5 {1-0 (45) Kiik,K (2442)-Alho,S Helsinki 2000}) 15... e5 (15... h6 $16 {is a better defense.}) 16. Bc4+ $2 (16. Qc2 $18 {[%cal Rd3h7] has better winning chances.} e4 17. Nxe4 (17. Bxe4 Nxe4 18. Nxe4 Kh8 $16)) 16... Kh8 17. Nf7+ ({White should play} 17. Be6 $16) 17... Rxf7 $1 $15 18. Bxf7 {Threatens to win with Bd5.} Bg4 (18... e4 $15 19. Bg5 Bg4 {[%mdl 64] Pin} 20. Bxf6 (20. h3 $2 Bxf3 21. Qc1 Rf8 $19) 20... Bxf6 {[%mdl 64] Discovered Attack} 21. Rxe4 Bxf3 22. Qxf3 Qxf7) 19. h3 Bxf3 (19... Rd8 $11 {and Black is okay.} 20. Qb3 (20. hxg4 $2 Rxd1 21. Rxd1 Nxg4 $17) 20... Bxf3 21. Qxf3 Nd4) 20. Qxf3 $18 Rf8 (20... Bd6 $142) 21. Bb3 e4 (21... Nd4 $142 22. Qd1 Bc5) 22. Qf4 (22. Qc3 $18) 22... Bd6 $16 23. Qg5 Ne5 24. Be3 Nd3 {[#]} (24... Qd7 $142 25. Red1 h6) 25. Re2 $1 h6 (25... Bh2+ $16 26. Kh1 Be5) 26. Qg6 (26. Qf5 $18) 26... Ne5 (26... Qd7 $16 27. Rd2 Bb8) 27. Qf5 $18 Nfg4 (27... Qa5 {was called for.} 28. Qe6 Bc7) 28. Qe6 $2 (28. hxg4 Rxf5 29. gxf5 Nc6 $16) (28. Qxe4 $18 Nf6 29. Qc2) 28... Nf6 $2 (28... Nxe3 $16 29. fxe3 (29. Rxe3 Nd3 $11) 29... Nd3) 29. Rc1 Qb8 30. Rd2 Bc7 31. Bd4 {Rxc7! is the strong threat.} Nc6 32. Bc3 (32. Bxf6 $1 $18 {and the rest is easy.} Rxf6 33. Qxe4) 32... Re8 {[#]} (32... Bh2+ $16 33. Kh1 Bf4) 33. Qf7 (33. Qf5 $1 $18 {is more deadly.} Ne7 34. Qc5) 33... Ne5 (33... Rf8 $16 {was worth a try.} 34. Qe6 Bh2+ 35. Kh1 Bf4) 34. Bxe5 $1 Bxe5 35. Rcd1 {Accuracy: White = 28%, Black = 15%.} 1-0

[Event "Stay Safe Play From Home 194"]
[Site "T#646519Emanuel Laske"]
[Date "2020.06.02"]
[Round "1"]
[White "Fischer_11"]
[Black "Lucknow"]
[Result "1-0"]
[WhiteElo "2022"]
[BlackElo "1918"]
[Annotator "NA RC"]
[PlyCount "113"]
[EventDate "2020.06.02"]
[EventType "swiss (blitz)"]

1. e4 {[%emt 0:00:02]} c5 {[%emt 0:00:00]} 2. c3 {[%emt 0:00:01]} d6 {[%emt 0:00:00]} 3. d3 {[%emt 0:00:01]} e6 {[%emt 0:00:01]} 4. d4 {[%emt 0:00:01]} Nf6 {[%emt 0:00:00]} 5. dxc5 {[%emt 0:00:01]} dxc5 {[%emt 0:00:01]} 6. Qxd8+ {[%emt 0:00:02]} Kxd8 {[%emt 0:00:00]} 7. e5 {[%emt 0:00:01]} Nd5 {[%emt 0:00:01]} 8. f4 {[%emt 0:00:00]} Be7 {[%emt 0:00:01]} 9. Nf3 {[%emt 0:00:00]} Nc6 {[%emt 0:00:01]} 10. a3 {[%emt 0:00:02]} c4 {[%emt 0:00:03]} 11. Bxc4 {[%emt 0:00:02]} Nb6 {[%emt 0:00:01]} 12. Bb5 {[%emt 0:00:01]} Kc7 {[%emt 0:00:00]} 13. Nbd2 {[%emt 0:00:03]} Bd7 {[%emt 0:00:01]} 14. Ne4 {[%emt 0:00:01]} a6 {[%emt 0:00:02]} 15. Bd3 {[%emt 0:00:03]} Nd5 {[%emt 0:00:01]} 16. Kf2 {[%emt 0:00:03]} h6 {[%emt 0:00:04]} 17. Be3 {[%emt 0:00:01]} Nxe3 {[%emt 0:00:01]} 18. Kxe3 {[%emt 0:00:00]} Rad8 {[%emt 0:00:01]} 19. Rhd1 {[%emt 0:00:02]} Bc8 {[%emt 0:00:02]} 20. Bc2 {[%emt 0:00:02]} Rxd1 {[%emt 0:00:00]} 21. Rxd1 {[%emt 0:00:01]} Rd8 {[%emt 0:00:00]} 22. Rxd8 {[%emt 0:00:00]} Bxd8 {[%emt 0:00:00]} 23. g4 {[%emt 0:00:03]} Be7 {[%emt 0:00:01]} 24. h4 {[%emt 0:00:02]} b5 {[%emt 0:00:01]} 25. Nd4 {[%emt 0:00:03]} Bb7 {[%emt 0:00:02]} 26. Nxc6 {[%emt 0:00:02]} Bxc6 {[%emt 0:00:00]} 27. Bd3 {[%emt 0:00:01]} Bd5 {[%emt 0:00:02]} 28. Nd2 {[%emt 0:00:02]} Bc5+ {[%emt 0:00:04]} 29. Ke2 {[%emt 0:00:01]} Bg2 {[%emt 0:00:02]} 30. Be4 {[%emt 0:00:01]} Bxe4 {[%emt 0:00:02]} 31. Nxe4 {[%emt 0:00:00]} Be7 {[%emt 0:00:00]} 32. Kd3 {[%emt 0:00:01]} Kc6 {[%emt 0:00:00]} 33. c4 {[%emt 0:00:01]} f5 {[%emt 0:00:03]} 34. exf6 {[%emt 0:00:01]} gxf6 {[%emt 0:00:00]} 35. h5 {[%emt 0:00:03]} f5 {[%emt 0:00:03]} 36. gxf5 {[%emt 0:00:00]} exf5 {[%emt 0:00:00]} 37. Ng3 {[%emt 0:00:01]} Bd6 {[%emt 0:00:01]} 38. Nxf5 {[%emt 0:00:02]} Bxf4 {[%emt 0:00:00]} 39. cxb5+ {[%emt 0:00:01]} axb5 {[%emt 0:00:01]} 40. b3 {[%emt 0:00:00]} Bg5 {[%emt 0:00:02]} 41. Ke4 {[%emt 0:00:01]} Kc5 {[%emt 0:00:01]} 42. Nd4 {[%emt 0:00:03]} b4 {[%emt 0:00:02]} 43. Nf3 {[%emt 0:00:00]} Be7 {[%emt 0:00:01]} 44. a4 {[%emt 0:00:02]} Kc6 {[%emt 0:00:02]} 45. Ne5+ {[%emt 0:00:00]} Kb6 {[%emt 0:00:02]} 46. Ng6 {[%emt 0:00:00]} Bf6 {[%emt 0:00:01]} 47. Nf4 {[%emt 0:00:00]} Bc3 {[%emt 0:00:01]} 48. Nd5+ {[%emt 0:00:00]} Ka5 {[%emt 0:00:01]} 49. Nxc3 {[%emt 0:00:01]} Kb6 {[%emt 0:00:00]} 50. Kd3 {[%emt 0:00:00]} bxc3 {[%emt 0:00:01]} 51. Kxc3 {[%emt 0:00:00]} Ka5 {[%emt 0:00:00]} 52. b4+ {[%emt 0:00:00]} Kb6 {[%emt 0:00:00]} 53. Kc4 {[%emt 0:00:00]} Ka6 {[%emt 0:00:01]} 54. b5+ {[%emt 0:00:00]} Kb6 {[%emt 0:00:00]} 55. Kb4 {[%emt 0:00:00]} Ka7 {[%emt 0:00:00]} 56. a5 {[%emt 0:00:00]} Kb8 {[%emt 0:00:00]} 57. a6 {[%emt 0:00:00] Zeit (Lag: Av=0.28s, max=0.4s)} 1-0

[Event "Stay Safe Play From Home 194"]
[Site "T#646519Emanuel Laske"]
[Date "2020.06.02"]
[Round "1"]
[White "Haxhi Baha"]
[Black "Mepe_Nika"]
[Result "1-0"]
[WhiteElo "1920"]
[BlackElo "2257"]
[Annotator "TA"]
[PlyCount "87"]
[EventDate "2020.06.02"]
[EventType "swiss (blitz)"]

{[%evp 13,86,42,45,18,23,12,66,41,44,37,231,24,37,9,218,218,221,225,214,193,222,143,275,284,283,277,315,316,314,253,266,260,264,259,257,258,279,264,281,280,287,293,369,369,671,703,876,870,853,793,1404,1104,29979,29980,29982,29983,29988,29989,29990,29991,29992,29993,29993,29994,29994,29995,29995,29996,29996,29997,29997,29998,29998,29999,29999]} 1. e4 g6 2. Nf3 Bg7 3. d4 d6 4. Nc3 Nf6 5. Be3 O-O 6. h3 Nc6 {6...a6 is becoming the main line.} 7. Qd2 e5 8. d5 {B08: Pirc Defence: Classical System.} Ne7 9. Bh6 Ne8 (9... Rb8 $11) 10. Bxg7 {White is slightly better.} Nxg7 {[#]} 11. g4 $146 ({Predecessor:} 11. Qh6 f6 12. h4 Bd7 13. Be2 b5 14. a3 a6 15. g4 Kh8 16. Nd2 Qb8 17. Qe3 {½-½ (66) Kuzmin,R (2013)-Khegay,D (2509) St Petersburg 2019}) 11... f5 $2 (11... Rb8 $14) 12. gxf5 $2 (12. Qh6 $18 {Threatens to win with Ng5.} Ne8 13. gxf5) 12... gxf5 $11 13. Rg1 {And now Qh6 would win.} Kh8 $2 {[#] White stays focused until the end.} (13... fxe4 $1 $11 14. Ng5 Ng6) 14. Qh6 $1 $18 {[%csl Gg1][%cal Rh6g7][%mdl 512]} Rf7 15. Ng5 {[%csl Gg5][%cal Rh6h7][%mdl 64] Double Attack} Qg8 16. Nxf7+ Qxf7 17. Be2 f4 (17... fxe4 $16 18. O-O-O (18. Nxe4 Ngf5 $16) 18... Bf5) 18. O-O-O Bd7 19. Rg5 Rg8 20. Rdg1 Ne8 21. Bh5 Qf6 22. Rxg8+ Nxg8 23. Qxf6+ Nexf6 24. Bg4 Nxg4 25. hxg4 {[%mdl 4096] Endgame KRN-KBN} Kg7 26. f3 h6 27. a4 Nf6 28. Nb5 Bxb5 $2 {[#]} (28... Ne8 29. c4 a6) 29. axb5 {KR-KN} Nh7 30. Kd2 Ng5 31. Ke2 Kg6 32. Ra1 h5 33. gxh5+ {White mates.} Kxh5 34. Rxa7 Kh4 35. Rxb7 Kg3 36. Rxc7 Nxf3 37. Rg7+ Kh4 38. Kxf3 {KR-K3P} Kh5 39. Rg8 Kh6 40. b6 Kh7 41. Rg4 Kh6 42. b7 Kh7 43. b8=Q Kh6 44. Qh8# {Accuracy: White = 67%, Black = 38%.} 1-0

[Event "Stay Safe Play From Home 194"]
[Site "T#646519Emanuel Laske"]
[Date "2020.06.02"]
[Round "1"]
[White "Patzeroglu"]
[Black "Ahmet777"]
[Result "1-0"]
[WhiteElo "1916"]
[BlackElo "1681"]
[Annotator "NA RC"]
[PlyCount "49"]
[EventDate "2020.06.02"]
[EventType "swiss (blitz)"]

1. e4 {[%emt 0:00:04]} e5 {[%emt 0:00:01]} 2. Nf3 {[%emt 0:00:02]} d6 {[%emt 0:00:01]} 3. d4 {[%emt 0:00:02]} Nc6 {[%emt 0:00:00]} 4. Nc3 {[%emt 0:00:03]} exd4 {[%emt 0:00:01]} 5. Nxd4 {[%emt 0:00:01]} Nxd4 {[%emt 0:00:01]} 6. Qxd4 {[%emt 0:00:02]} Be6 {[%emt 0:00:01]} 7. Be3 {[%emt 0:00:00]} Be7 {[%emt 0:00:01]} 8. O-O-O {[%emt 0:00:00]} Bf6 {[%emt 0:00:01]} 9. Qb4 {[%emt 0:00:01]} b6 {[%emt 0:00:02]} 10. Bb5+ {[%emt 0:00:02]} Bd7 {[%emt 0:00:02]} 11. Qa4 {[%emt 0:00:02]} Bxb5 {[%emt 0:00:01]} 12. Nxb5 {[%emt 0:00:02]} Ne7 {[%emt 0:00:02]} 13. Nxc7+ {[%emt 0:00:09]} Kf8 {[%emt 0:00:10]} 14. Nxa8 {[%emt 0:00:01]} Qxa8 {[%emt 0:00:02]} 15. Rxd6 {[%emt 0:00:00]} Qe8 {[%emt 0:00:03]} 16. Qxa7 {[%emt 0:00:04]} g6 {[%emt 0:00:01]} 17. Rd7 {[%emt 0:00:03]} Kg7 {[%emt 0:00:02]} 18. Rhd1 {[%emt 0:00:03]} Nc6 {[%emt 0:00:06]} 19. Qc7 {[%emt 0:00:04]} Nd4 {[%emt 0:00:08]} 20. R1xd4 {[%emt 0:00:04]} Bxd4 {[%emt 0:00:01]} 21. Bxd4+ {[%emt 0:00:01]} Kh6 {[%emt 0:00:03]} 22. Qf4+ {[%emt 0:00:01]} Kh5 {[%emt 0:00:01]} 23. g4+ {[%emt 0:00:02]} Kh4 {[%emt 0:00:01]} 24. Bf6+ {[%emt 0:00:01]} Kh3 {[%emt 0:00:01]} 25. Qg3# {[%emt 0:00:03] (Lag: Av=0.47s, max=0.9s)} 1-0

[Event "Stay Safe Play From Home 194"]
[Site "T#646519Emanuel Laske"]
[Date "2020.06.02"]
[Round "1"]
[White "Emresenar"]
[Black "SoulofWolf"]
[Result "0-1"]
[WhiteElo "1753"]
[BlackElo "2176"]
[Annotator "TA"]
[PlyCount "98"]
[EventDate "2020.06.02"]
[EventType "swiss (blitz)"]

{[%evp 11,98,21,20,17,35,24,28,27,27,0,-15,-24,26,-33,11,20,20,-32,21,22,27,6,9,5,16,9,33,20,22,2,39,0,17,-8,0,-21,0,0,15,15,15,15,15,0,8,8,15,11,22,0,0,0,0,0,0,0,0,-360,-360,-1450,-893,-29985,-234,-796,-770,-1399,-832,-1408,-633,-1384,-1232,-1162,-1085,-766,-347,-812,-764,-762,-534,-2119,-658,-29986,0,0,0,0,0,-505,-513]} 1. e4 e6 2. Nf3 d5 3. exd5 exd5 4. d4 Be7 5. Bd3 Nf6 6. O-O O-O 7. Re1 {C01: French: Exchange Variation.} h6 8. h3 c5 9. c3 {[#] White has an edge.} b6 $146 {[%cal Bb7b6,Bb6c5,Bc5c4][%mdl 32]} ({Predecessor:} 9... Nc6 10. a3 Be6 11. b4 cxd4 12. cxd4 Rc8 13. Nbd2 Ra8 14. Nb1 Rc8 15. Nbd2 Ra8 16. Nb1 Rc8 17. Nbd2 {½-½ (17) Picado,J (2168)-Giron,J (2255) Managua 2018}) 10. dxc5 bxc5 11. Qc2 c4 12. Bf5 (12. Bf1 $11) 12... Bb7 13. Bf4 Nc6 14. Ne5 (14. b3 $11) 14... Nxe5 ({Black should try} 14... d4 $15 15. Nxc6 (15. Nxc4 $2 Qd5 $19) 15... Bxc6 16. cxd4 Qxd4) 15. Bxe5 $11 Nd7 16. Bxd7 Qxd7 17. Nd2 Rae8 18. Nf3 Bc5 19. Bd4 Bd6 20. Rad1 Qc7 21. Kh1 a5 22. Rxe8 Rxe8 23. Re1 Rd8 24. Be5 Re8 {[%cal Rd6e5]} 25. Bxd6 {[%cal Re1e8] [#]} Rxe1+ 26. Nxe1 Qxd6 27. Qe2 Bc6 28. Nf3 Bd7 29. Nd4 (29. Qe5 {seems wilder.} Qc6 30. Nd4 Qb6 31. Qe2 a4 32. Kg1) 29... Be6 (29... a4 {is interesting.} 30. a3 Qf4 31. Kg1 Qc1+ 32. Kh2 Kf8) 30. Nxe6 (30. h4 {looks sharper.} a4 31. a3 Qe7 32. Kg1 Kf8 33. Qh5) 30... fxe6 {[%mdl 4096] Endgame KQ-KQ} 31. g3 a4 32. a3 Qb6 33. f4 Qc6 34. Kg2 $2 {[%mdl 8192] [#]} (34. Kg1 $11 {and White stays safe.}) 34... d4+ $1 $19 35. Kf1 $2 (35. Kf2 d3 36. Qe5) 35... d3 {( -> ...Qh1+)} 36. Qg2 Qd6 $2 (36... Qxg2+ 37. Kxg2 d2 38. g4 d1=Q 39. Kg3 Qd3+ 40. Kf2 Qd2+ {[%mdl 64] Double Attack} 41. Kf3 Qxb2 42. Ke4 Qxc3 43. f5 Qd3+ 44. Ke5 c3 45. fxe6 c2 46. e7 Kf7 47. h4 c1=Q 48. e8=B+ Kxe8 49. h5 Qce3#) 37. Qd2 $2 (37. Qa8+ Kf7 38. Qxa4) 37... Kf7 38. Kf2 Qc5+ 39. Kf3 Qc6+ (39... Qg1 $142 40. Qf2 Qc1 41. Qa7+ Kg6) 40. Kf2 Qb6+ 41. Kf3 Qb7+ 42. Kf2 g6 (42... Qh1 $142 43. Ke3 Qxh3) 43. g4 $2 (43. h4 Kf6 44. Qc1) 43... Qb6+ 44. Kg2 Kf6 45. Kg3 Qc6 (45... Qg1+ $142 46. Kf3 g5 47. fxg5+ hxg5) 46. Kh4 g5+ $2 (46... Qf3 {mates} 47. Qh2 Qe3 48. g5+ Kf5 49. Qg3 Qxf4+ {[%mdl 64] Double Attack} 50. Qg4+ Ke4 51. gxh6 d2 52. h7 d1=Q 53. Qxf4+ Kxf4 54. h8=Q g5#) 47. fxg5+ $11 hxg5+ 48. Qxg5+ Kf7 {...Qd5 is the strong threat.} 49. Qh5+ $2 {[%mdl 8192]} (49. Qf4+ $11 {and White is okay.} Kg8 50. Qg5+ Kf7 51. Qf4+ Kg6 52. Kg3) 49... Ke7 {Accuracy: White = 42%, Black = 57%.} 0-1

[Event "Stay Safe Play From Home 194"]
[Site "T#646519Emanuel Laske"]
[Date "2020.06.02"]
[Round "1"]
[White "Konmos"]
[Black "AChessPlayer"]
[Result "0-1"]
[WhiteElo "1667"]
[BlackElo "2378"]
[Annotator "TA"]
[PlyCount "54"]
[EventDate "2020.06.02"]
[EventType "swiss (blitz)"]

{[%evp 9,54,-47,-47,-131,-140,-175,-156,-222,-215,-233,-239,-263,-285,-289,-289,-322,-327,-509,-504,-498,-496,-577,-575,-551,-518,-868,-856,-937,-877,-870,-866,-938,-856,-995,-1000,-1055,-1045,-1007,-964,-1145,-1104,-1339,-1151,-29989,-29990,-29990,-29991]} 1. e4 e5 2. f4 Nc6 3. Nf3 d6 4. Bb5 exf4 5. Bxc6+ bxc6 6. d4 {[#] C30: King's Gambit Declined.} (6. d3 $15) 6... g5 $146 ({Predecessor:} 6... Nf6 7. Nc3 Ba6 8. Bxf4 Rb8 9. b3 Be7 10. e5 Nd7 11. Ne4 d5 12. Ned2 Nf8 {½-½ (37) Mikhailov,I (1908)-Prizant,J (2060) Kimry 2008}) 7. O-O h6 8. e5 (8. Nbd2 $17) 8... Bg7 $19 9. Re1 Ne7 10. exd6 cxd6 11. Qe2 Be6 12. c4 O-O 13. d5 (13. Nc3 {was worth a try.}) 13... cxd5 14. cxd5 Nxd5 15. Nc3 Nxc3 16. bxc3 Bxc3 17. Bb2 (17. Bd2 $142 Qb6+ 18. Kh1 Bxa1 19. Rxa1) 17... Qb6+ {[%mdl 64] [#] Double Attack} 18. Qf2 Qxb2 19. Qxb2 Bxb2 20. Rab1 Bf6 21. h3 Rab8 22. Kh2 Kg7 23. Rbd1 d5 24. Ne5 Rb2 25. a4 Rc8 {Hoping for ...Rcc2!} 26. Rc1 Rxc1 {[%mdl 64] Overworked Piece} 27. Rxc1 Bxe5 {White did not feel at home in the position after the opening. Accuracy: White = 28%, Black = 100%.} 0-1